MAVI Discography (Hard) - Statistics

General Stats
  • This quiz has been taken 8 times
  • The average score is 3 of 5
Answer Stats
Year Type Name % Correct
2022 Solo Album Laughing So Hard, It Hurts
100%
2019 Solo Album Let The Sun Talk
100%
2016 Mixtape BEACON
40%
2021 EP End Of The Earth
40%
2017 Mixtape No Roses
20%
No matching quizzes found
Score Distribution
Percent of People with Each Score
Percentile by Number Answered
Your Score History
You have not taken this quiz